Statistics for Most Successful Greek Football Clubs

Click here to take the quiz!

General Stats

  • This quiz has been taken 21 times
  • The average score is 5 of 6

Answer Stats

ChampionshipsClub% Correct
13AEK
100%
47Olympiacos
100%
20Panathinaikos
100%
3PAOK
100%
3Aris
90%
1AEL
48%

Score Distribution

Percentile by Number Answered

Percent of People with Each Score

Your Score History

You have not taken this quiz